00602 2200205 4500001002100000005001500021035002000036007000300056008004100059082001600100084002200116100002000138245004300158250001800201260007500219300003600294650002600330650002200356856001800378INLIS00000000000000820250710104217 a0010-0725000008ta250710 a 0 ind  a398.209 598 a398.209 598 FAU l0 aFauzi, muhammad1 aLani :bSi pemberani /cMuhammad fauzi aCetakan kedua aJakarta :bKementerian pendidikan, kebudayaan, riset, teknologi,c2023 a36 hlm. :bIlus. ;c29,7x 21 cm 4aCerita anak-indonesia 4aKesusastraan anak aTBM as suhada